000 00672nam a2200229Ia 4500
003 OSt
005 20220925211322.0
006 a|||||r|||| 00| 0
007 ta
008 220923b |||||||| |||| 00| 0 eng d
037 _cGeneral Book
040 _aRTL
_cRTL
_beng
041 _2eng
_aeng
082 _aX5.252.N65<--N14, K5
110 _aUTTAR PRADESH,COMMERCE (Chamber of--)
_9274337
245 0 _aGolden Jubli (1914-1965)
260 _aKankur
_bU. chamber of commerce
_c1965
300 _a41p
_ccm.
700 _aUTTAR PRADESH,COMMERCE (Chamber of--)
_9274338
942 _hX5.252.N65<--N14, K5
_cGB
_2CC
999 _c557330
_d557330